| 000 | 01198nam a22002537a 4500 | ||
|---|---|---|---|
| 005 | 20100810120518.0 | ||
| 010 | _aHIN-90246 | ||
| 020 |
_c75.00 _a9788128821479 |
||
| 035 | _aHN-62592 | ||
| 037 | _bDBAD / PUB | ||
| 082 | _a920 | ||
| 100 |
_aभोला, रचना 'यामिनी' _926235 |
||
| 245 |
_aशेख़ फ़रीद वाणी: _bरचना भोला 'यामिनी' _cजीवनी और वाणी / |
||
| 246 |
_aShekh Fareed Vani _bby Rachna Bhola 'Yamini' |
||
| 260 |
_aनई दिल्ली _bडायमंड पॉकेट बुक्स _c2010 |
||
| 270 |
_aएक्स-30, ओखला इंडस्ट्रियल एरिया, फेज-II _bनई दिल्ली _e110020 _k011-41611861, 40712100 _l011-41611866 _msales@dpb.in |
||
| 300 |
_a142पृ _c22सेमी (अजिल्द) |
||
| 500 | _aभारत के संत कवि | ||
| 700 | _97228 | ||
| 700 | _97267 | ||
| 700 | _97698 | ||
| 942 |
_adpl _cHN _k _2ddc _mभोलार _h920 |
||
| 999 |
_c40582 _d40582 |
||